América Latina entra en escena

Saved in:
Bibliografiske detaljer
Hovedforfatter: Mende, Tibor (autor)
Format: Bog
Sprog:spansk
Udgivet: Santiago Del Pacífico 1953
Udgivelse:2a. ed
Fag:
Tags: Tilføj Tag
Ingen Tags, Vær først til at tagge denne postø!

MARC

LEADER 00000nam a2200000 a 4500
001 UCY0990
003 CL-VaPUC
008 940819e19530000CL |||||||||||||||||spa|d
082 0 4 |a 304.6  |b MEN  |2 21 
100 |a Mende, Tibor  |e autor  |9 443586 
245 1 0 |a América Latina entra en escena 
250 |a 2a. ed 
300 |a 349 p 
942 |c BK 
945 |d 19940819 00:00:00  |a aalvarez 
260 |a Santiago  |b Del Pacífico  |c 1953 
650 0 |a Condiciones sociales   |9 257278 
651 0 |a América Latina   |9 255027 
583 |a last modification  |c 19940819 00:00:00  |k Rodrigo Vera 
999 |c 229830  |d 229828 
952 |0 0  |1 0  |4 0  |6 304_600000000000000_MEN_1953  |7 0  |8 P  |9 231516  |a BIBEDU  |b BIBEDU  |c BIBEDU_PB  |d 2019-11-15  |i 3007316  |o 304.6 MEN 1953  |p 3007316  |r 2024-01-25  |w 2019-11-15  |y BK  |k EDU